Squadra della stagione della UEFA Europa Conference League - 2021-2022 - Statistics

Statistiche generali
  • Questo quiz è stato fatto 3 volte
  • Il punteggio medio è 7 su 11
Statistiche sulle risposte
Ruolo Nazione Squadra Calciatore % Corretto
Difensore Inghilterra Roma Chris Smalling
100%
Centrocampista Italia Roma Lorenzo Pellegrini
100%
Portiere Portogallo Roma Rui Patrício
100%
Attaccante Inghilterra Roma Tammy Abraham
100%
Attaccante Nigeria Feyenoord Cyriel Dessers
67%
Centrocampista Francia Olympique Marsiglia Dimitri Payet
67%
Difensore Austria Feyenoord Gernot Trauner
33%
Centrocampista Inghilterra Leicester City Kiernan Dewsbury-Hall
33%
Centrocampista Colombia Feyenoord Luis Sinisterra
33%
Difensore Paesi Bassi Feyenoord Lutsharel Geertruida
33%
Difensore Paesi Bassi eyenoord Tyrell Malacia
33%
Nessun quiz corrispondente trovato
Distribuzione punteggi
Percentuale di utenti per punteggio
Percentile per numero di risposta
I tuoi punteggi nel tempo
Non hai fatto questo quiz